Swan Hellenic 600-mile Nile cruise handbook.

محفوظ في:

مؤلفون آخرون: Seton-Williams, M. V. 1910-

التنسيق: كتاب

اللغة: English

منشور في: London : W.F. & R.K. Swan Hellenic, 1984.

الطبعة: 11th ed. / revised by M.V. Seton-Williams.

الموضوعات:

الوسوم: إضافة وسم

لا توجد وسوم, كن أول من يضع وسما على هذه التسجيلة!

رقم الطلب: DT45 .S25 1984

LEADER 01064namaa2200289 4500
001 19809
003 OSt
005 20211218134635.0
008 130303s1984 enkabe g r 000 0 eng d
952 |0 0  |1 0  |2 lcc  |4 0  |6 DT0045 S25 01984  |7 1  |9 23887  |a ARCE  |b ARCE  |d 2021-12-18  |l 0  |o DT45 .S25 1984  |p 1007126  |r 2021-12-18 00:00:00  |w 2021-12-18  |y BK 
999 |c 19178  |d 19178 
040 |c ARCE Library 
043 |a f-ua--- 
050 4 |a DT45 .S25 1984 
245 0 0 |a Swan Hellenic 600-mile Nile cruise handbook. 
246 3 |a Swans 600-mile Nile cruise. 
246 3 |a Swan Hellenic six hundred-mile Nile cruise handbook. 
246 3 |a Swan Hellenic six hundred mile Nile cruise handbook. 
250 |a 11th ed. / revised by M.V. Seton-Williams.  
264 1 |a London :   |b W.F. & R.K. Swan Hellenic,   |c 1984.  
300 |a 119 pages :   |b illustrations, maps, plans ;   |c 26 cm. 
651 0 |a Nile River Valley  |v Guidebooks. 
651 0 |a Egypt  |x Description and travel.  
651 0 |a Egypt  |x Civilization.  
700 1 |a Seton-Williams, M. V.  |d 1910-  
901 |a reviewed 
942 |c BK  |2 lcc